Obálka Náhled e-knihy:
PDF Epub
Pro půjčování e-knih musíte být přihlášeni.
Jak si půjčit online?

Čarodějnice /

Obsáhlý detektivní román renomované švédské autorky rozvíjí případ únosu a smrti dítěte, který již tradičně vyšetřuje kriminalista Patrik s přispěním manželky Eriky.

Uloženo v:
Série:Erika Falcková & Patrik Hedström, část 10
Hlavní autor: Läckberg, Camilla, 1974- (Autor)
Další autoři: Nováková, Vendula, 1981- (Autor)
Médium: E-kniha
Jazyk:Czech
Vydáno: Praha : Motto, 2018
Vydání:Vydání první
Témata:
Příbuzné jednotky:Z cyklu:: Erika Falcková & Patrik Hedström
Tagy:
Žádné tagy
LEADER 02637nam a2200469 i 4500
001 310891
003 CZ PrSKC
005 20260601215656.0
007 ta
008 180430s2018 xr g 000 f cze
015 |a cnb002995066 
020 |a 9788026711186  |q (vázáno) :  |c Kč 399,00 
035 |a (OCoLC)1043900209 
040 |a OLA001  |b cze  |e rda 
041 1 |a cze  |h swe 
072 7 |a 821.11  |x Germánské literatury  |2 Konspekt 
080 |a 821.113.6-31  |2 MRF 
080 |a (0:82-312.4)  |2 MRF 
100 1 |a Läckberg, Camilla,  |d 1974-  |7 xx0106055  |4 aut 
240 1 0 |a Häxan.  |l Česky 
245 1 0 |a Čarodějnice /  |c Camilla Läckberg ; přeložila Vendula Nováková 
250 |a Vydání první 
264 1 |a Praha :  |b Motto,  |c 2018 
300 |a 652 stran ;  |c 21 cm 
336 |a text  |b txt  |2 rdacontent 
337 |a bez média  |b n  |2 rdamedia 
338 |a svazek  |b nc  |2 rdacarrier 
500 |a Přeloženo ze švédštiny 
520 2 |a Obsáhlý detektivní román renomované švédské autorky rozvíjí případ únosu a smrti dítěte, který již tradičně vyšetřuje kriminalista Patrik s přispěním manželky Eriky. 
520 2 |a Zmizení a vražda malé holčičky souvisí s podobnou událostí ve vesnici před třiceti lety, kdy pachatelkami byly dvě nezletilé dívky. Patrik se svým týmem postupně odkrývá všechny detaily, případ narůstá do mrazivých rozměrů a na konci se rozpoutá peklo s mnoha oběťmi. Souběžně sledujeme emočně vypjatý "čarodějnický" příběh ze 17. století, jehož souvislosti se objeví až v závěru. Román není jen "pouhou" detektivkou, ale obsahuje i tragický vhled do psychologie všech zúčastněných, ovlivněný temnými silami vyvěrajícími z historie zdejšího kraje. 
655 7 |a švédské romány  |7 fd133923  |2 czenas 
655 7 |a detektivní romány  |7 fd132010  |2 czenas 
655 9 |a Swedish fiction  |2 eczenas 
655 9 |a detective novels  |2 eczenas 
700 1 |a Nováková, Vendula,  |d 1981-  |7 xx0174336  |4 trl 
787 0 8 |i Z cyklu:  |t Erika Falcková & Patrik Hedström  |g 10 
900 |a ABA001  |b 20 
928 9 |a Albatros Media - Motto 
044 |a xr 
910 |a RBIT002 
998 |d 178128  |a https://core.palmknihy.cz/api/books/178128/cover?si96zj  |b https://core.palmknihy.cz/api/books/178128/cover/400?si96zj  |c https://core.palmknihy.cz/api/books/178128/cover/50?si96zj  |e 2030-06-11  |g 664  |i 9788026711186  |j https://core.palmknihy.cz/api/books/178128/preview.epub  |k https://core.palmknihy.cz/api/books/178128/preview.pdf  |l   |q 49  |r 1  |s https://www.palmknihy.cz/kniha/178128  |t ebook  |y 2018  |z 0  |v Erika Falcková & Patrik Hedström  |w 10 
999 |d 310889